| 000 | 00451nam a22001697a 4500 | ||
|---|---|---|---|
| 003 | OSt | ||
| 005 | 20220107122816.0 | ||
| 008 | 160615b xxu||||| |||| 00| 0 eng d | ||
| 040 | _cIIITMK | ||
| 100 |
_aKanchan Jakhar (93614023) _99874 |
||
| 245 | _aAttack visualzation | ||
| 300 | _aCSIS - Mini project | ||
| 502 |
_bMscCSIS _c2014-16 _dINT _eDr. Tony Thomas |
||
| 650 |
_aBRUTE FORCE ATTACK _99875 |
||
| 650 |
_aNETWORK ATTACK _99876 |
||
| 942 |
_2ddc _cPR |
||
| 999 |
_c5254 _d5254 |
||